00747nam a2200241Ia 4500003000400000005001700004008004100021020001500062040000700077041000800084082001500092100002800107245009800135250000600233260004000239300001300279563000700292650003300299906002100332942001200353999001900365952012100384OSt20220601145858.0210707s1979 xx 000 0 und d a0070006571 cAL aeng a515.9 AHLC aAHLFORS (Lars V)939962 aComplex analysis: an introduction to the theory of analytic functions of one complex variable a3 aLondonbMc-Graw Hill Book Co.c1979 axi,331 p aPB aMathematical Analysis939963 acomplex analysis 2ddccBK c180090d180090 001040708MathematicsaALbALd2005-06-11l3o515.9 AHLCpBB03991r2024-08-03 00:00:00s2024-07-27w2021-07-08yBB